00325nam a2200145Ia 4500003000400000005001700004008004000021040000700061041001200068082001700080100001600097245002300113260003500136300000800171OSt20260219115210.0210210b1960 xxu||||| |||| 00| 0 eng d cAL aEnglish a823.912 HAMG dKnut Hamsun aGrowth of the soil aLondonbA Rupa Paperbackc1960 a363